Normal view
MARC view
Entry Personal Name
001 - CONTROL NUMBER
- control field: 66849
003 - CONTROL NUMBER IDENTIFIER
- control field: dpl
005 - DATE AND TIME OF LATEST TRANSACTION
- control field: 20240524143154.0
008 - FIXED-LENGTH DATA ELEMENTS
- fixed length control field: 240524|| aca||aabn | a|a d
040 ## - CATALOGING SOURCE
- Original cataloging agency: dpl
- Transcribing agency: dpl
100 ## - HEADING--PERSONAL NAME
- Personal name: Sail, Mahabaleshwar
670 ## - SOURCE DATA FOUND
- Source citation: Work cat.: (dpl)203233: Sail, Mahabaleshwar, THE KILN/
